Countries far from Countries with Many Neighbours - Statistics

General Stats
  • This quiz has been taken 69 times
  • The average score is 16 of 19
Answers on the Map
Answers color-coded by a green-red scale on the quiz's map according to % correct below.
 
Answer Stats
MAX #B COUNTRY % Correct
3 United States
95%
2 Canada
93%
4 Mexico
92%
3 South Korea
92%
1 Dominican Republic
90%
4 El Salvador
88%
1 Haiti
88%
3 Indonesia
88%
2 Ireland
88%
3 Papua New Guinea
88%
2 Costa Rica
86%
4 Honduras
86%
3 Nicaragua
86%
4 Guatemala
85%
4 Belize
83%
4 Malaysia
81%
3 Sweden
78%
3 Brunei
75%
3 East Timor
71%
No matching quizzes found
Score Distribution
Percent of People with Each Score
Percentile by Number Answered
Your Score History
You have not taken this quiz